Meranie ekonomických a sociálnych účinkov cestovného ruchu

Model evalvácie cestovného ruchu (ECR) ako jedna z možností hodnotenia vplyvu cestovného ruchu na ekonomický a sociálny rozvoj územia. Charakteristika modelu ECR. Súbory javov a vzťahov v modeli evalvácie cestovného ruchu. Analýza a komparácia sociálnych účinkov cestovného ruchu. Výdavky domácností...

Descrizione completa

Salvato in:
Dettagli Bibliografici
Autore principale: Huľo, Peter
Natura: Capitolo di libro
Lingua:slovacco
Soggetti:
Tags: Aggiungi Tag
Nessun Tag, puoi essere il primo ad aggiungerne!!

MARC

LEADER 00000naa$a2200000$$$4500
001 0114754
005 20231016073952.2
041 0 |a slo 
044 |a SK 
245 1 0 |a Meranie ekonomických a sociálnych účinkov cestovného ruchu  |c Peter Huľo 
520 |a Model evalvácie cestovného ruchu (ECR) ako jedna z možností hodnotenia vplyvu cestovného ruchu na ekonomický a sociálny rozvoj územia. Charakteristika modelu ECR. Súbory javov a vzťahov v modeli evalvácie cestovného ruchu. Analýza a komparácia sociálnych účinkov cestovného ruchu. Výdavky domácností na národný cestovný ruch vo vybraných krajinách Európskej únie. Priemerná mzda v štáte. Minimálna mzda, index rastu minimálnej mzdy v štáte. 
610 2 0 |a ruch cestovný 
610 2 0 |a rozvoj sociálny 
610 2 0 |a rozvoj hospodársky 
610 2 0 |a mzdy priemerné 
610 2 0 |a mzdy minimálne 
610 2 0 |a výdavky 
100 1 |a Huľo, Peter